| 000 | 00367 a2200145 4500 | ||
|---|---|---|---|
| 001 | 73662 | ||
| 082 | _a629.1AND | ||
| 090 |
_c38965 _d38965 |
||
| 100 | _aAnderson, John D. | ||
| 245 |
_aIntroduction to Flight, 3rd Ed _cJohn D. Anderson |
||
| 250 | _a3 | ||
| 260 |
_aNY _bMcGraw-Hill _c1989 |
||
| 300 |
_axviii, 616 p. _bOrigional |
||
| 500 | _aBE textbook Aerospace | ||
| 942 |
_aNUST-CAE _k629.1AND |
||
| 999 |
_c308735 _d308735 |
||